|
|
|
|
| LEADER |
00000nab a2200000 a 4500 |
| 001 |
vtls000764070 |
| 003 |
SK-MaSNL |
| 005 |
20260304105633.0 |
| 008 |
250429c2001 xo 0 slo |
| 015 |
|
|
|a SNBRB2001/08-22482
|
| 035 |
|
|
|a CLN000115857
|
| 035 |
|
|
|a urn:nbn:sk:snk-abbuev
|
| 035 |
|
|
|a (urnnbn)urn:nbn:sk:snk:ar-000rot
|
| 035 |
|
|
|a (uuid)3f8d574b-594d-49f6-af6a-6c8face1e0d7
|
| 040 |
|
|
|a SNKBUCL
|b slo
|c SNKBUCL
|e AACR2
|
| 041 |
0 |
|
|a slo
|
| 044 |
|
|
|a xo
|c SK
|
| 080 |
|
|
|a 025.2/.3:027.54(437.6)
|2 1997
|
| 080 |
|
|
|a 027.54(437.6)
|2 1997
|
| 100 |
1 |
|
|a Hatalová, Mariana
|4 aut
|9 280159
|
| 245 |
1 |
0 |
|a Pohľadnice vo fonde knižnice
|c Mariana Hatalová
|
| 504 |
|
|
|a Bibliogr. odkazy
|
| 610 |
2 |
7 |
|a Slovenská národná knižnica
|2 snkbucl
|9 30663
|
| 650 |
0 |
7 |
|a špeciálne knižničné fondy
|2 snkbucl
|9 84233
|
| 650 |
0 |
7 |
|a pohľadnice
|2 snkbucl
|9 30449
|
| 655 |
|
7 |
|a články z novín a časopisov
|2 snkbucl
|9 267496
|
| 773 |
0 |
|
|t Knižnica
|g Roč. 2, č. 5 (2001), s. 235-242
|x 1335-7026
|
| 850 |
|
|
|a Slovenská národná knižnica
|
| 852 |
|
|
|a Slovenská národná knižnica
|
| 856 |
4 |
1 |
|u http://www.snk.sk/images/snk/NBU/Kniznica/5_2001/235.pdf
|
| 954 |
|
|
|a odborná, vedecká literatúra pôvodná (slovenská)
|2 lita
|
| 958 |
|
|
|a article15
|
| 958 |
|
|
|a KL
|
| 958 |
|
|
|a NB
|
| 958 |
|
|
|a OND
|
| 958 |
|
|
|a EUIPO
|
| 992 |
|
|
|a RBX
|
| 999 |
|
|
|c 2856439
|d 2858369
|